Il sesso semplice : il sesso che siamo e quello che facciamo, spiegati in modo semplice e intuitivo /
Guardat en:
| Autor principal: | |
|---|---|
| Format: | Llibre |
| Idioma: | italià |
| Publicat: |
Milano :
Fabbri,
2022
|
| Matèries: | |
| Etiquetes: |
Sense etiquetes, Sigues el primer a etiquetar aquest registre!
|
MARC
| LEADER | 00000nam a22000007i 4500 | ||
|---|---|---|---|
| 001 | IT\ICCU\MIL\1049516 | ||
| 003 | ItRI | ||
| 005 | 20250413152151.0 | ||
| 008 | 221004s2022 it |||||| ||||| |||||c | ||
| 020 | |a 9788891587008 | ||
| 040 | |b ita |c Arcigay Queer VdA | ||
| 041 | 7 | |a ita |2 ISO-639-2 | |
| 082 | |a 306.7 |2 23 | ||
| 100 | 1 | |a Macchione, Nicola |0 IT\ICCU\MILV\401030 |4 aut | |
| 240 | 1 | 3 | |a Il sesso semplice |9 Macchione, Nicola |
| 245 | 1 | 3 | |a Il sesso semplice : |b il sesso che siamo e quello che facciamo, spiegati in modo semplice e intuitivo / |c Nicola Macchione. |
| 260 | |a Milano : |b Fabbri, |c 2022 | ||
| 300 | |a 302 p. : |b ill. ; |c 22 cm | ||
| 650 | 7 | |a Sesso | |
| 942 | |2 ddc |c BK | ||
| 952 | |0 0 |1 0 |2 ddc |4 0 |6 306_700000000000000_MAC_SES |7 1 |9 3774 |a AO |b AO |d 2025-04-13 |l 0 |o 306.7 MAC SES |p 11022 |r 2025-04-13 15:23:00 |w 2025-04-13 |x Di proprietà di Giulio Gasperini |y BK | ||
| 981 | 1 | |6 z01 |a i |b xxxe | |
| 982 | 1 | |6 z01 |a n | |
| 999 | |c 2953 |d 2953 | ||